[Event "II Festival A"]
[Site "Cortina d'Ampezzo ITA"]
[Date "2004.07.18"]
[Round "9"]
[White "Gardi, Giuseppe"]
[Black "Molina, Fabrizio"]
[Result "1/2-1/2"]
[WhiteElo "2061"]
[BlackElo "2246"]
[PlyCount "116"]
[EventDate "2004.07.11"]

1. d4 c5 2. e3 e6 3. Nf3 Nf6 4. Bd3 Be7 5. O-O O-O 6. Nbd2 Qc7 7. c3 b6 8. Ne4
d6 9. Ng3 Bb7 10. e4 Nbd7 11. Bg5 Rfe8 12. Rc1 g6 13. Re1 c4 14. Bb1 e5 15. h4
b5 16. a3 a5 17. h5 Nf8 18. hxg6 hxg6 19. Qd2 N6h7 20. Be3 Ne6 21. Kh2 Ng7 22.
Rh1 Bc8 23. Bh6 Bf8 24. Kg1 f6 25. Nh4 Qf7 26. d5 Bd7 27. Rf1 Be7 28. Qe3 g5
29. Nf3 f5 30. exf5 g4 31. Bxg7 Qxg7 32. Nh4 Bg5 33. Qb6 e4 34. Nxe4 Rxe4 35.
Bxe4 Qe7 36. Qc7 Bxh4 37. Rxh4 Qxh4 38. Qxd7 g3 39. Qe6+ Kh8 40. fxg3 Qxg3 41.
Qh6 Re8 42. Bf3 Re1 43. f6 Rxf1+ 44. Kxf1 Qg5 45. Qxg5 Nxg5 46. Bg4 Ne4 47. f7
Kg7 48. Be6 Nc5 49. Ke2 Na4 50. Bd7 Kxf7 51. Bxb5 Nxb2 52. Kd2 Kf6 53. g3 Kf5
54. Kc2 Nd3 55. Bxc4 Nc5 56. Be2 Ke4 57. c4 Ke3 58. Bh5 Kd4 1/2-1/2

[Event "II Festival A"]
[Site "Cortina d'Ampezzo ITA"]
[Date "2004.07.18"]
[Round "9"]
[White "Genocchio, Daniele"]
[Black "Vezzosi, Paolo"]
[Result "0-1"]
[WhiteElo "2353"]
[BlackElo "2350"]
[PlyCount "149"]
[EventDate "2004.07.11"]

1. e4 c6 2. d4 d5 3. Nc3 g6 4. Bf4 dxe4 5. Nxe4 Bg7 6. c3 Nd7 7. Qe2 Ngf6 8.
Nd6+ Kf8 9. Nc4 Nb6 10. Ne5 Qd5 11. Ngf3 Bg4 12. Nxg4 Nxg4 13. h3 Nf6 14. g3
Qe4 15. Qxe4 Nxe4 16. Bg2 Nd5 17. Bc1 Rd8 18. O-O h5 19. Re1 Nd6 20. h4 Bf6 21.
Ne5 Kg7 22. Nd3 Rhe8 23. Kf1 e6 24. Ne5 Re7 25. Bd2 Rc7 26. Rad1 Nf5 27. Nd3 b6
28. Ne5 c5 29. dxc5 Rxc5 30. Nf3 Rc7 31. Ng5 Rcd7 32. Ne4 Be5 33. Bf3 f6 34.
Bc1 Kf7 35. Rd3 a5 36. Kg1 Ke7 37. Red1 Nc7 38. Rxd7+ Rxd7 39. Rxd7+ Kxd7 40.
Be2 Nd6 41. Nd2 f5 42. Nf3 Bf6 43. Bf4 Nf7 44. Bc4 Nd5 45. Bxd5 exd5 46. a4 Kc6
47. Kf1 b5 48. axb5+ Kxb5 49. Ke2 Ka4 50. Kd1 Kb3 51. Kc1 Kc4 52. Kc2 a4 53.
Bg5 Bg7 54. Be7 Ne5 55. Nd2+ Kb5 56. b3 axb3+ 57. Nxb3 Nc6 58. Bd6 d4 59. Nxd4+
Nxd4+ 60. cxd4 Bxd4 61. f3 Kc4 62. Kd2 Bb6 63. Bf4 Bc5 64. Bc7 Bd4 65. Bb8 Bg1
66. Bc7 Bd4 67. Bb8 Bb2 68. Ba7 Be5 69. Bf2 f4 70. g4 Bf6 71. g5 Bd4 72. Bxd4
Kxd4 73. Ke2 Kc3 74. Kf2 Kd2 75. Kf1 0-1

[Event "II Festival A"]
[Site "Cortina d'Ampezzo ITA"]
[Date "2004.07.18"]
[Round "9"]
[White "Kostic, Vladimir G."]
[Black "Lazic, Miroljub"]
[Result "1/2-1/2"]
[WhiteElo "2390"]
[BlackElo "2471"]
[PlyCount "24"]
[EventDate "2004.07.11"]

1. e4 e5 2. Nf3 Nc6 3. Bc4 Bc5 4. d3 Nf6 5. Nc3 a6 6. Nd5 h6 7. Be3 Bxe3 8.
fxe3 d6 9. Nxf6+ Qxf6 10. O-O O-O 11. Qe1 Qe7 12. Nh4 Be6 1/2-1/2

[Event "II Festival A"]
[Site "Cortina d'Ampezzo ITA"]
[Date "2004.07.18"]
[Round "9"]
[White "Lain, Luigi"]
[Black "Guido, Flavio"]
[Result "1/2-1/2"]
[WhiteElo "2243"]
[BlackElo "2338"]
[PlyCount "102"]
[EventDate "2004.07.11"]

1. d4 Nf6 2. c4 e6 3. Nc3 Bb4 4. Qc2 c5 5. dxc5 O-O 6. e3 Bxc5 7. Nf3 d5 8. a3
a5 9. Na4 Ba7 10. c5 Bd7 11. b4 Qe8 12. Nb2 e5 13. Bd2 b6 14. cxb6 Bxb6 15. Be2
e4 16. Nd4 Bxd4 17. exd4 Nc6 18. Qc5 axb4 19. Bxb4 Nxb4 20. Qxb4 Qe6 21. Nd1
Ra4 22. Qb2 Rfa8 23. Ne3 Qd6 24. Nc2 Bg4 25. Bxg4 Nxg4 26. h3 Nh6 27. O-O Nf5
28. Nb4 h5 29. Rfc1 g6 30. Rc5 R4a5 31. Rxa5 Rxa5 32. Qc3 Kg7 33. a4 Qd7 34.
Qc6 Qa7 35. Rd1 Rxa4 36. Nxd5 Rxd4 37. Qf6+ Kh7 38. Rxd4 Nxd4 39. Kh2 Qb8+ 40.
Nf4 Kg8 41. Qxd4 Qxf4+ 42. Kg1 Kh7 43. Qa7 Qf6 44. Qe3 Qa1+ 45. Kh2 Qe5+ 46.
Kg1 Kg7 47. Qa7 h4 48. Qe3 g5 49. f3 Qa1+ 50. Kh2 Qe5+ 51. Kg1 Qa1+ 1/2-1/2

[Event "II Festival A"]
[Site "Cortina d'Ampezzo ITA"]
[Date "2004.07.18"]
[Round "9"]
[White "Logallo, Claudio"]
[Black "Bisignano, Giuseppe"]
[Result "1-0"]
[WhiteElo "2017"]
[BlackElo "1958"]
[PlyCount "133"]
[EventDate "2004.07.11"]

1. e4 e5 2. f4 exf4 3. Bc4 d5 4. exd5 Bd6 5. d4 Nf6 6. Ne2 O-O 7. O-O Bg4 8.
Bxf4 Bxf4 9. Rxf4 Qd6 10. Rf1 Re8 11. Nbc3 a6 12. a4 Nbd7 13. Qd2 Nb6 14. b3
Nxc4 15. bxc4 Bxe2 16. Nxe2 Ng4 17. Ng3 Re3 18. Rae1 Rae8 19. Rxe3 Rxe3 20. h3
Rxg3 21. hxg4 Rxg4 22. Qe2 Qd7 23. Re1 f5 24. Qe8+ Qxe8 25. Rxe8+ Kf7 26. Rc8
c6 27. Rc7+ Kf6 28. dxc6 bxc6 29. Rxc6+ Ke7 30. d5 a5 31. Re6+ Kd7 32. c5 Rxa4
33. c6+ Kd8 34. Rd6+ Kc8 35. Rd7 Rd4 36. Rxg7 Rxd5 37. Rxh7 Rc5 38. Ra7 f4 39.
Ra6 Kc7 40. Kf2 Rc3 41. Rxa5 Rxc2+ 42. Kf3 Kxc6 43. Ra4 Kd5 44. Rxf4 Ke5 45.
Rf8 Rc6 46. Kg3 Rg6+ 47. Kh4 Rh6+ 48. Kg3 Rg6+ 49. Kh2 Rh6+ 50. Kg1 Rf6 51.
Rxf6 Kxf6 52. Kf2 Kg5 53. Kg3 Kg6 54. Kg4 Kh7 55. Kh5 Kg7 56. Kg5 Kf7 57. g3
Kg7 58. g4 Kh7 59. Kh5 Kg7 60. Kg5 Kh7 61. Kf6 Kh6 62. g5+ Kh7 63. Kf7 Kh8 64.
Kg6 Kg8 65. Kh6 Kh8 66. g6 Kg8 67. g7 1-0

[Event "II Festival A"]
[Site "Cortina d'Ampezzo ITA"]
[Date "2004.07.18"]
[Round "9"]
[White "Poropat, Marijan"]
[Black "Boscolo, Marco"]
[Result "1-0"]
[WhiteElo "2126"]
[BlackElo "1898"]
[PlyCount "141"]
[EventDate "2004.07.11"]

1. d4 d5 2. c4 c6 3. e3 Nf6 4. Nf3 e6 5. Nbd2 Nbd7 6. Bd3 Bd6 7. O-O O-O 8. e4
dxe4 9. Nxe4 Nxe4 10. Bxe4 Nf6 11. Bc2 Qc7 12. Re1 Bf4 13. Ne5 Bxc1 14. Rxc1
Rd8 15. Qd3 g6 16. Qf3 Qe7 17. Rcd1 Nd7 18. Nd3 Qf6 19. Qe4 Rb8 20. b3 a5 21.
c5 Qg7 22. Nb2 Nf6 23. Qf4 Bd7 24. Nc4 Nd5 25. Qg3 b5 26. cxb6 Nxb6 27. Nxa5
Ra8 28. b4 Nd5 29. a3 Be8 30. Nb7 Rdb8 31. Nc5 Qf6 32. Bb3 Qd8 33. Bc4 Nb6 34.
Be2 Nd5 35. Bc4 Nb6 36. Be2 Nd5 37. h4 Qf6 38. h5 Qf4 39. Qd3 Qg5 40. hxg6 hxg6
41. Bf3 Nf4 42. Qb3 Nh3+ 43. Kf1 Nf4 44. Re5 Qf6 45. g3 Nd5 46. Kg2 Rd8 47. Re4
Nb6 48. Rh4 e5 49. dxe5 Qxe5 50. Re1 Qg7 51. Rxe8+ Rxe8 52. Bxc6 Rad8 53. Bxe8
Rxe8 54. Rf4 g5 55. Rg4 Nc8 56. Ne4 Re5 57. Qc3 Ne7 58. Qxe5 Qxe5 59. Rxg5+
Qxg5 60. Nxg5 f6 61. Ne4 Kf7 62. Nc5 Nd5 63. Kf3 Ke7 64. Ke4 Nc3+ 65. Kd3 Nb5
66. a4 Nc7 67. Kc4 f5 68. b5 Kd6 69. a5 Na8 70. b6 Nxb6+ 71. axb6 1-0

[Event "II Festival A"]
[Site "Cortina d'Ampezzo ITA"]
[Date "2004.07.18"]
[Round "9"]
[White "Qendro, Llambi"]
[Black "Cacco, Christian"]
[Result "1-0"]
[WhiteElo "2343"]
[BlackElo "2282"]
[PlyCount "65"]
[EventDate "2004.07.11"]

1. d4 Nf6 2. c4 c5 3. d5 e6 4. Nc3 exd5 5. cxd5 d6 6. e4 g6 7. Bd3 Bg7 8. h3
O-O 9. Nf3 Nbd7 10. O-O Ne8 11. Bf4 Qe7 12. Qd2 a6 13. a4 Nc7 14. Rae1 Re8 15.
Bh6 Qf8 16. Bxg7 Qxg7 17. Qf4 Ne5 18. Nxe5 Rxe5 19. Qg3 g5 20. Re3 Ne8 21. f4
gxf4 22. Qxf4 Rg5 23. Rf2 Bd7 24. Be2 Rg6 25. Bh5 Rf6 26. Qh4 Rxf2 27. Qxf2 Kf8
28. Bxf7 Nf6 29. Be6 Ke7 30. e5 dxe5 31. Rg3 Qh6 32. Qxc5+ Ke8 33. Ne4 1-0

[Event "II Festival A"]
[Site "Cortina d'Ampezzo ITA"]
[Date "2004.07.18"]
[Round "9"]
[White "Ricci, Alfredo"]
[Black "Fontana, Enrico"]
[Result "0-1"]
[WhiteElo "2002"]
[BlackElo "2056"]
[PlyCount "112"]
[EventDate "2004.07.11"]

1. e4 c6 2. d4 d5 3. e5 Bf5 4. Nf3 e6 5. c4 dxc4 6. Bxc4 Nd7 7. Nc3 Nb6 8. Bb3
Ne7 9. Nh4 h6 10. Nxf5 Nxf5 11. Be3 Be7 12. Qd3 Qd7 13. O-O Rd8 14. Rad1 O-O
15. Bc2 h5 16. Qe2 Nxe3 17. fxe3 g6 18. g4 h4 19. Ne4 Qd5 20. b3 Qa5 21. Bb1
Nd5 22. Nf6+ Kg7 23. g5 Nc3 24. Qe1 Bb4 25. Qxh4 Rh8 26. Qf2 Qc7 27. Ng4 Nxd1
28. Qf6+ Kg8 29. Bxg6 Rd7 30. Rxd1 Rh4 31. Nh6+ Rxh6 32. gxh6 fxg6 33. Qxg6+
Kh8 34. Rf1 Qd8 35. h4 Qg8 36. h5 Rh7 37. Rf6 Qxg6+ 38. Rxg6 Re7 39. Kf2 c5 40.
Kf3 cxd4 41. exd4 Bc3 42. Ke4 Kh7 43. Rg7+ Rxg7 44. hxg7 Kxg7 45. d5 Bd2 46.
dxe6 Kf8 47. a4 Ke7 48. Kd5 a5 49. Kc5 Kxe6 50. Kb5 Kxe5 51. h6 Kf6 52. Kb6 Kg6
53. h7 Kxh7 54. Kxb7 Kg6 55. Kc6 Kf5 56. Kd5 Bb4 0-1

[Event "II Festival A"]
[Site "Cortina d'Ampezzo ITA"]
[Date "2004.07.18"]
[Round "9"]
[White "Rocchetti, Marco"]
[Black "Quaranta, Cristiano"]
[Result "1/2-1/2"]
[WhiteElo "1978"]
[BlackElo "2110"]
[PlyCount "101"]
[EventDate "2004.07.11"]

1. d4 Nf6 2. Nf3 c5 3. e3 e6 4. Bd3 Be7 5. O-O b6 6. Qe2 d6 7. b3 O-O 8. Bb2
Nbd7 9. Nbd2 Qc7 10. Rad1 Bb7 11. Rfe1 a6 12. c4 Rfd8 13. Bb1 Rac8 14. e4 e5
15. dxe5 dxe5 16. Nf1 Bd6 17. Ng3 g6 18. Bc1 Bf8 19. h3 Re8 20. Nh2 Nb8 21. Ng4
Bg7 22. h4 Nc6 23. Qf3 Re6 24. Bg5 Nxg4 25. Qxg4 h5 26. Qh3 Nd4 27. Ne2 Rd6 28.
Nxd4 Rxd4 29. Be3 Rd6 30. Qf3 Rcd8 31. Bc2 Bc8 32. Qe2 Bf6 33. Rxd6 Rxd6 34. g3
Qe7 35. Rd1 Rc6 36. Rd2 Bg4 37. f3 Bc8 38. Qh2 g5 39. hxg5 Bxg5 40. f4 Bh6 41.
Qf2 Rg6 42. f5 Bxe3 43. Qxe3 Rg4 44. Bd1 Rg5 45. Rh2 Qd8 46. Be2 Qd4 47. Qxd4
cxd4 48. Kf2 Bb7 49. Bd3 f6 50. Rh4 Kf7 51. g4 1/2-1/2

[Event "II Festival A"]
[Site "Cortina d'Ampezzo ITA"]
[Date "2004.07.18"]
[Round "9"]
[White "Sulava, Nenad"]
[Black "Miladinovic, Igor"]
[Result "1-0"]
[WhiteElo "2482"]
[BlackElo "2630"]
[PlyCount "75"]
[EventDate "2004.07.11"]

1. d4 d5 2. Nf3 Bf5 3. c4 e6 4. Nc3 Nc6 5. cxd5 exd5 6. Bf4 Nf6 7. e3 Ne4 8.
Bb5 Bb4 9. Bxc6+ bxc6 10. Qa4 Bxc3+ 11. bxc3 Bd7 12. Qa5 Rc8 13. c4 Qe7 14. O-O
dxc4 15. Rac1 c3 16. Ne5 g5 17. f3 Nd2 18. Rfe1 f6 19. Nxd7 Qxd7 20. Bg3 Nc4
21. Qxc3 Nb6 22. Qxc6 Rf8 23. e4 Rf7 24. d5 Kf8 25. Re2 Qxc6 26. Rxc6 Re8 27.
Rcc2 Kg8 28. a4 a5 29. Rxc7 Nxd5 30. Rc5 Nb4 31. Rxa5 Rc8 32. h4 h6 33. Kh2 Nc6
34. Rd5 Nb4 35. Rb5 Nd3 36. Rd2 gxh4 37. Bxh4 Ne5 38. Be1 1-0

[Event "II Festival A"]
[Site "Cortina d'Ampezzo ITA"]
[Date "2004.07.18"]
[Round "9"]
[White "Tomba, Ivan"]
[Black "Rombaldoni, Denis"]
[Result "0-1"]
[WhiteElo "2292"]
[BlackElo "2224"]
[PlyCount "102"]
[EventDate "2004.07.11"]

1. e4 c6 2. d4 d5 3. Nc3 dxe4 4. Nxe4 Nf6 5. Nxf6+ gxf6 6. c3 Bf5 7. Nf3 Qc7 8.
g3 Nd7 9. Bg2 O-O-O 10. O-O e6 11. b4 Nb6 12. Qe2 Bg4 13. h3 Bh5 14. b5 c5 15.
Bf4 Bd6 16. Bxd6 Rxd6 17. Qe4 c4 18. Qh4 Bxf3 19. Bxf3 Qe7 20. a4 Nd5 21. Bxd5
Rxd5 22. Rfe1 h5 23. Re5 Kd7 24. Rxd5+ exd5 25. Kf1 Qe4 26. Qxe4 dxe4 27. Ke2
f5 28. Ke3 h4 29. g4 Ke6 30. Kf4 fxg4 31. hxg4 Kd5 32. Rh1 a6 33. bxa6 bxa6 34.
g5 h3 35. Kg3 e3 36. fxe3 Ke4 37. Rxh3 Rg8 38. Kh4 Kd3 39. Rf3 Kxc3 40. Rxf7
Kd2 41. Rc7 c3 42. d5 c2 43. e4 c1=Q 44. Rxc1 Kxc1 45. e5 Kd2 46. e6 Ke3 47.
Kh5 Ke4 48. Kh6 Kxd5 49. e7 Ke6 50. Kh7 Re8 51. g6 Kxe7 0-1

[Event "II Festival A"]
[Site "Cortina d'Ampezzo ITA"]
[Date "2004.07.18"]
[Round "9"]
[White "Ventura, Sergio"]
[Black "Cardili, Mariano"]
[Result "1/2-1/2"]
[WhiteElo "2175"]
[BlackElo "1997"]
[PlyCount "42"]
[EventDate "2004.07.11"]

1. c4 c5 2. Nf3 Nf6 3. Nc3 g6 4. g3 Bg7 5. Bg2 Nc6 6. d3 d5 7. cxd5 Nxd5 8.
Nxd5 Qxd5 9. O-O Qd6 10. Nd2 b6 11. Nc4 Qd7 12. Be3 O-O 13. Qd2 Rd8 14. Rab1
Bb7 15. a3 Ne5 16. Nxe5 Bxe5 17. Bxb7 Qxb7 18. Rfc1 Rac8 19. Rc4 Bd4 20. Bxd4
Rxd4 21. Rxd4 cxd4 1/2-1/2

[Event "C.to Italiano U14"]
[Site "San Nicola Arcella ITA"]
[Date "2004.07.04"]
[Round "1"]
[White "Basso, Piergiorgio"]
[Black "Varano, Francesco"]
[Result "1-0"]
[WhiteElo "1742"]
[BlackElo "1479"]
[PlyCount "83"]
[EventDate "2004.07.04"]

1. e4 c6 2. d4 d5 3. e5 Bf5 4. Nf3 e6 5. Bd3 Bxd3 6. Qxd3 a6 7. O-O c5 8. Nbd2
Nc6 9. dxc5 Bxc5 10. c3 d4 11. Nb3 b6 12. Qe4 Qd7 13. cxd4 f5 14. Qh4 Be7 15.
Qg3 g6 16. Be3 Nb4 17. Ne1 Nd5 18. Nd3 a5 19. Qf3 a4 20. Nd2 g5 21. Qh5+ Kd8
22. Bxg5 Bxg5 23. Qxg5+ Nge7 24. Rac1 Rg8 25. Qh6 Nc6 26. Nf3 Rg6 27. Qf8+ Qe8
28. Qd6+ Qd7 29. Rxc6 Ke8 30. Qxd7+ Kxd7 31. Rd6+ Ke7 32. Rc1 a3 33. b3 Rag8
34. g3 f4 35. Rxd5 exd5 36. Nxf4 Rg4 37. Nxd5+ Ke6 38. Nf6 Rxg3+ 39. fxg3 Rf8
40. Ng5+ Ke7 41. Rc7+ Kd8 42. Ne6# 1-0

[Event "C.to Italiano U14"]
[Site "San Nicola Arcella ITA"]
[Date "2004.07.04"]
[Round "1"]
[White "Bonagura, Stefano"]
[Black "Rossi, Luigi"]
[Result "1-0"]
[WhiteElo "1784"]
[BlackElo "1498"]
[PlyCount "97"]
[EventDate "2004.07.04"]

1. d4 d5 2. c4 e6 3. Nf3 Nc6 4. a3 Nf6 5. Nc3 Be7 6. Bg5 h6 7. Bh4 O-O 8. e3
Re8 9. Rc1 b6 10. cxd5 exd5 11. Bb5 Bb7 12. Qa4 Rf8 13. Bxc6 Bxc6 14. Qxc6 a6
15. Bxf6 Bxf6 16. Nxd5 Ra7 17. Nxf6+ Qxf6 18. Qxf6 gxf6 19. Rc6 Kg7 20. O-O a5
21. Rfc1 Rc8 22. Rxb6 cxb6 23. Rxc8 Rb7 24. g3 b5 25. h4 b4 26. axb4 Rxb4 27.
Rc2 a4 28. Rd2 Kf8 29. d5 Ke7 30. Nd4 Kd7 31. Nf5 h5 32. Ng7 Kd6 33. Nxh5 f5
34. Ng7 Rb7 35. Nxf5+ Kd7 36. h5 Rb8 37. h6 Rh8 38. Rd4 Rb8 39. Rxa4 Rxb2 40.
Ra8 Rb1+ 41. Kg2 Rb5 42. h7 Rxd5 43. h8=Q Rxf5 44. Qc8+ Kd6 45. Qxf5 Ke7 46.
Ra7+ Kd6 47. Rxf7 Kc6 48. Rf6+ Kc7 49. Qh7+ 1-0

[Event "C.to Italiano U14"]
[Site "San Nicola Arcella ITA"]
[Date "2004.07.04"]
[Round "1"]
[White "Ravagnati, Marco"]
[Black "Bonafede, Alessandro"]
[Result "0-1"]
[WhiteElo "1517"]
[BlackElo "2107"]
[PlyCount "39"]
[EventDate "2004.07.04"]

1. e4 c5 2. Nf3 Nc6 3. d4 cxd4 4. Nxd4 Nf6 5. Nc3 e5 6. Nb3 Bb4 7. Bg5 h6 8.
Bxf6 Qxf6 9. Bc4 Qg6 10. O-O Bxc3 11. bxc3 Qxe4 12. Bd5 Qg6 13. f4 O-O 14. fxe5
Nxe5 15. Re1 d6 16. Be4 f5 17. Qd5+ Be6 18. Qxd6 Nf7 19. Qxe6 Qxe6 20. Bxb7 0-1

[Event "C.to Italiano U14"]
[Site "San Nicola Arcella ITA"]
[Date "2004.07.05"]
[Round "2"]
[White "Di Censo, Angelo"]
[Black "Coatti, Nicola"]
[Result "1-0"]
[WhiteElo "1546"]
[BlackElo "1580"]
[PlyCount "69"]
[EventDate "2004.07.04"]

1. e4 d5 2. exd5 Qxd5 3. Nc3 Qa5 4. d4 e5 5. Bd2 exd4 6. Nb5 Qb6 7. Nf3 Bc5 8.
b4 d3 9. bxc5 Qxb5 10. Be3 Bf5 11. cxd3 Nd7 12. d4 Qb4+ 13. Bd2 Qa3 14. Bc4
Ngf6 15. Rc1 Ne4 16. Ng5 O-O 17. Nxe4 Bxe4 18. Rc3 Qb2 19. O-O Nf6 20. Be1 a6
21. f3 Bg6 22. h4 b5 23. Bb3 Qa3 24. Bxf7+ Bxf7 25. Rxa3 c6 26. g4 Nd5 27. h5
Rfe8 28. Bf2 Nb4 29. Re1 Rf8 30. Qd2 Nd5 31. h6 g6 32. Qg5 a5 33. Qe5 Nf6 34.
Qxf6 b4 35. Qg7# 1-0

[Event "C.to Italiano U14"]
[Site "San Nicola Arcella ITA"]
[Date "2004.07.05"]
[Round "2"]
[White "Gallana, Marco"]
[Black "Zilio, Lodovico"]
[Result "1/2-1/2"]
[WhiteElo "1709"]
[BlackElo "1607"]
[PlyCount "32"]
[EventDate "2004.07.04"]

1. d4 Nf6 2. c4 g6 3. Nc3 Bg7 4. Bg5 d6 5. e3 O-O 6. Bd3 Nc6 7. a3 e5 8. d5 Ne7
9. Nge2 h6 10. Bh4 Nh7 11. O-O g5 12. Bg3 f5 13. f3 Ng6 14. Qc2 Rf6 15. Bf2
Nhf8 16. Ng3 Nh4 1/2-1/2

[Event "C.to Italiano U14"]
[Site "San Nicola Arcella ITA"]
[Date "2004.07.05"]
[Round "3"]
[White "Ielapi, Gianbattista"]
[Black "Gallana, Marco"]
[Result "0-1"]
[WhiteElo "1521"]
[BlackElo "1709"]
[PlyCount "90"]
[EventDate "2004.07.04"]

1. e4 e5 2. Nf3 Nc6 3. Bb5 Bc5 4. O-O d6 5. Bxc6+ bxc6 6. Re1 Bg4 7. c3 Qf6 8.
d4 Bxf3 9. gxf3 exd4 10. cxd4 Bxd4 11. e5 Qh4 12. exd6+ Kd7 13. dxc7 Kxc7 14.
Re2 Rd8 15. Qb3 Rd7 16. Be3 Be5 17. f4 Bxf4 18. Bxf4+ Qxf4 19. Nc3 Nh6 20. Rae1
Rhd8 21. Nb1 f5 22. Re7 Qg5+ 23. Qg3+ Qxg3+ 24. fxg3 Rxe7 25. Rxe7+ Rd7 26.
Rxd7+ Kxd7 27. Kf2 Ng4+ 28. Kg2 Ne3+ 29. Kf3 Nd5 30. g4 Ke6 31. gxf5+ Kxf5 32.
h4 h6 33. Nd2 g5 34. hxg5 hxg5 35. Nb3 g4+ 36. Kg3 Kg5 37. Nd4 Ne7 38. b4 Nf5+
39. Nxf5 Kxf5 40. a4 a6 41. a5 Kg5 42. Kf2 Kf4 43. Kg2 g3 44. Kf1 Kf3 45. Kg1
g2 0-1

[Event "C.to Italiano U14"]
[Site "San Nicola Arcella ITA"]
[Date "2004.07.06"]
[Round "4"]
[White "Gallana, Marco"]
[Black "Lampl, Gerald"]
[Result "1/2-1/2"]
[WhiteElo "1709"]
[BlackElo "1841"]
[PlyCount "77"]
[EventDate "2004.07.04"]

1. d4 d5 2. c4 e6 3. Nc3 Be7 4. Nf3 b6 5. Bf4 Nf6 6. e3 O-O 7. Qc2 Na6 8. a3
Nh5 9. Bg3 Nxg3 10. hxg3 g6 11. Bd3 c6 12. Ne5 Qe8 13. O-O-O Kg7 14. f4 Bd6 15.
Nf3 dxc4 16. Bxc4 b5 17. Bd3 f5 18. Na2 Bb7 19. Qc3 Kg8 20. Ng5 h5 21. Qb3 Kh8
22. Qxe6 Qxe6 23. Nxe6 Rfe8 24. Ng5 Kg7 25. Rhe1 Nc7 26. Kb1 c5 27. dxc5 Bxc5
28. Rc1 Bb6 29. e4 Rad8 30. Nb4 a5 31. Nd5 Bxd5 32. exd5 Rxd5 33. Rxe8 Nxe8 34.
Re1 Rxd3 35. Rxe8 Rxg3 36. Rb8 Be3 37. Rb7+ Kg8 38. Rb8+ Kg7 39. Rb7+ 1/2-1/2

[Event "C.to Italiano U14"]
[Site "San Nicola Arcella ITA"]
[Date "2004.07.07"]
[Round "5"]
[White "Popa, Dragos"]
[Black "Gallana, Marco"]
[Result "0-1"]
[WhiteElo "1589"]
[BlackElo "1709"]
[PlyCount "106"]
[EventDate "2004.07.04"]

1. e4 e5 2. Nf3 Nc6 3. Bc4 Nf6 4. Nc3 Bc5 5. O-O d6 6. h3 O-O 7. d3 h6 8. Be3
Bb6 9. Bxb6 axb6 10. Qd2 Be6 11. Bxe6 fxe6 12. Rfe1 Qe8 13. a3 Qg6 14. Rad1 Nh5
15. Kh2 Nf4 16. Rg1 Qh5 17. Ne1 Nd4 18. Qe3 Rf7 19. g4 Qh4 20. Qg3 Ng6 21. Qxh4
Nxh4 22. Kg3 g5 23. Rf1 Raf8 24. Rd2 Ndf3 25. Nxf3 Rxf3+ 26. Kh2 R3f4 27. Kg3
Rf3+ 28. Kh2 Ng6 29. Ne2 Rxf2+ 30. Rxf2 Rxf2+ 31. Kg3 Rf7 32. c4 Nf4 33. Nxf4
exf4+ 34. Kf3 c5 35. b3 e5 36. a4 Kg7 37. Rh2 Kg6 38. Rh1 Rh7 39. Rh2 h5 40.
Kg2 hxg4 41. hxg4 Rxh2+ 42. Kxh2 Kf7 43. Kg2 Ke7 44. Kf3 Kd8 45. Ke2 Kc8 46.
Kd2 Kb8 47. Kc3 Ka7 48. Kc2 Ka6 49. Kc3 Ka5 50. Kd2 Kb4 51. Kc2 f3 52. Kd2 Kxb3
53. Ke3 Kc3 0-1

[Event "C.to Italiano U14"]
[Site "San Nicola Arcella ITA"]
[Date "2004.07.07"]
[Round "6"]
[White "Gallana, Marco"]
[Black "Sellitti, Federico"]
[Result "0-1"]
[WhiteElo "1709"]
[BlackElo "1835"]
[PlyCount "60"]
[EventDate "2004.07.04"]

1. d4 Nf6 2. c4 e6 3. Nc3 Bb4 4. e3 O-O 5. Bd3 d5 6. Bd2 Nbd7 7. Nf3 c5 8. O-O
cxd4 9. Nxd4 Ne5 10. Qe2 dxc4 11. Bxc4 Nfg4 12. f4 Bxc3 13. bxc3 Nxc4 14. Qxc4
b6 15. Qc6 Rb8 16. Qf3 h5 17. Qh3 Nf6 18. Nc6 Qxd2 19. Nxb8 Qd6 20. Rfe1 Qxb8
21. Qh4 Qc7 22. Rac1 Bb7 23. h3 Rd8 24. Red1 Rxd1+ 25. Rxd1 Qxc3 26. Rd8+ Kh7
27. Qg3 g6 28. Kh2 Kg7 29. h4 Ng4+ 30. Kh3 Nxe3 0-1

[Event "C.to Italiano U14"]
[Site "San Nicola Arcella ITA"]
[Date "2004.07.07"]
[Round "6"]
[White "Spagnolo, Vincenzo"]
[Black "Ravagnati, Marco"]
[Result "0-1"]
[WhiteElo "1440"]
[BlackElo "1517"]
[PlyCount "54"]
[EventDate "2004.07.04"]

1. e4 c5 2. Nf3 Nc6 3. Nc3 e6 4. Bc4 a6 5. O-O b5 6. Be2 Qc7 7. Re1 Be7 8. d3
Nf6 9. h3 d6 10. Be3 O-O 11. a3 d5 12. exd5 exd5 13. d4 c4 14. b4 Bf5 15. Nh4
Be6 16. Qc1 Ne4 17. Nxe4 dxe4 18. g3 Bxh4 19. gxh4 Bxh3 20. Qd2 f5 21. d5 Rad8
22. Kh1 f4 23. Bc5 Rf6 24. Rg1 f3 25. Bf1 Bxf1 26. Raxf1 Rf4 27. h5 Rh4# 0-1

[Event "C.to Italiano U14"]
[Site "San Nicola Arcella ITA"]
[Date "2004.07.08"]
[Round "7"]
[White "Bellemo, Davide"]
[Black "Gallana, Marco"]
[Result "0-1"]
[WhiteElo "1712"]
[BlackElo "1709"]
[PlyCount "96"]
[EventDate "2004.07.04"]

1. c4 e5 2. g3 Nf6 3. Bg2 d5 4. cxd5 Nxd5 5. Nc3 Nb6 6. d3 Be7 7. Nf3 Nc6 8.
O-O O-O 9. b3 Re8 10. Bb2 Rb8 11. Rc1 Bg4 12. Nb5 Bd6 13. Nd2 Nb4 14. h3 Bd7
15. Nxd6 cxd6 16. a3 Nc6 17. Ne4 Be6 18. e3 Qd7 19. Kh2 Bd5 20. a4 Re6 21. Bc3
a5 22. Nd2 Rh6 23. h4 Bxg2 24. Kxg2 Nd5 25. Bb2 Ncb4 26. Nc4 b6 27. Ba3 f5 28.
e4 Ne7 29. Qe2 Nbc6 30. Bxd6 Rxd6 31. Nxd6 Qxd6 32. Qe3 Nd4 33. Rc3 f4 34. Qd2
Qe6 35. Rh1 Qg4 36. Qd1 f3+ 37. Kf1 Ng6 38. Rh2 Ne7 39. Rc7 Nec6 40. Qc1 Qe6
41. Qg5 g6 42. h5 Qxb3 43. Qd2 Qb1+ 44. Qe1 Qxd3+ 45. Kg1 Ne2+ 46. Kh1 Qd6 47.
hxg6 Qxc7 48. Rxh7 Qd6 0-1

[Event "C.to Italiano U14"]
[Site "San Nicola Arcella ITA"]
[Date "2004.07.08"]
[Round "7"]
[White "Ravagnati, Marco"]
[Black "Palazzotto, Giuseppe"]
[Result "1-0"]
[WhiteElo "1517"]
[BlackElo "1440"]
[PlyCount "79"]
[EventDate "2004.07.04"]

1. d4 d5 2. c4 e6 3. Nf3 Nf6 4. Nc3 Be7 5. Bg5 Nbd7 6. e3 b6 7. a3 O-O 8. Be2
Bb7 9. O-O c5 10. h3 h6 11. Bh4 Rc8 12. b3 Ba6 13. cxd5 Bxe2 14. Nxe2 exd5 15.
a4 Re8 16. Rc1 Ne4 17. Bxe7 Qxe7 18. Nf4 Ndf6 19. Ne1 a6 20. Ned3 Red8 21. Nb2
Qd7 22. Qd3 a5 23. Rfe1 cxd4 24. Rxc8 Rxc8 25. Qxd4 Rc2 26. Nbd3 Rc3 27. f3
Rxb3 28. fxe4 Nxe4 29. Nf2 Nf6 30. N4d3 Qc6 31. Rc1 Qd7 32. Ne5 Qb7 33. Nfd3 b5
34. Nc5 Qe7 35. Nxb3 Qa3 36. Rc8+ Kh7 37. Qd3+ g6 38. Rc7 Kg7 39. Qxg6+ Kf8 40.
Qxf7# 1-0

[Event "C.to Italiano U14"]
[Site "San Nicola Arcella ITA"]
[Date "2004.07.09"]
[Round "8"]
[White "Gallana, Marco"]
[Black "Promenzio, Fabrizio"]
[Result "1-0"]
[WhiteElo "1709"]
[BlackElo "1548"]
[PlyCount "112"]
[EventDate "2004.07.04"]

1. d4 d5 2. c4 e6 3. Nc3 Nf6 4. Bg5 Be7 5. Nf3 O-O 6. e3 a6 7. Qc2 Nbd7 8. Bd3
c6 9. O-O g6 10. c5 Re8 11. b4 b5 12. a4 Bb7 13. Rfb1 Qc7 14. Ne2 Kg7 15. Nc1
Ng8 16. Bf4 Qd8 17. Nb3 Bf6 18. e4 Qc8 19. Bd6 Bd8 20. Re1 Bc7 21. e5 Ne7 22.
Qd2 Qd8 23. Re3 Nf5 24. Bxf5 exf5 25. h4 h6 26. a5 Re6 27. Rd3 Rc8 28. Re1 Kh7
29. Qf4 h5 30. Ng5+ Kg7 31. Nxe6+ fxe6 32. Rg3 Nf8 33. Qg5 Qxg5 34. hxg5 Nh7
35. Be7 Bd8 36. Bf6+ Kf7 37. Rh3 Be7 38. f3 Nxg5 39. Bxg5 Bxg5 40. g4 h4 41.
gxf5 gxf5 42. Kf2 Rh8 43. Rg1 Bf4 44. Ke2 Rh5 45. Rgh1 Bg3 46. Rxg3 hxg3 47.
Rxh5 Kg6 48. Rh3 f4 49. Kf1 Kg5 50. Rh7 Bc8 51. Rc7 Kh4 52. Kg2 Kg5 53. Rxc8
Kf5 54. Nc1 Kg5 55. Kh3 Kf5 56. Rc7 Kg6 1-0